Vazba mezi právem, ekonomií a hospodářstvím
Spoločné základy a črty práva a ekonómie. Právo ako normativný systém. Flexibilia common law systému (anglosaský systém). Vplyv ekonomickej integrácie na právo. Ekonomická analýza práva. Analýza právnej regulácie.
Enregistré dans:
| Auteur principal: | |
|---|---|
| Format: | Chapitre de livre |
| Langue: | tchèque |
| Sujets: | |
| Tags: |
Pas de tags, Soyez le premier à ajouter un tag!
|
MARC
| LEADER | 00000naa$a2200000$$$4500 | ||
|---|---|---|---|
| 001 | 0035327 | ||
| 005 | 20231019130447.9 | ||
| 041 | 0 | |a cze | |
| 044 | |a CZ | ||
| 245 | 1 | 0 | |a Vazba mezi právem, ekonomií a hospodářstvím |c Lukáš Bortel |
| 520 | |a Spoločné základy a črty práva a ekonómie. Právo ako normativný systém. Flexibilia common law systému (anglosaský systém). Vplyv ekonomickej integrácie na právo. Ekonomická analýza práva. Analýza právnej regulácie. | ||
| 610 | 2 | 0 | |a právo |
| 610 | 2 | 0 | |a ekonómia |
| 610 | 2 | 0 | |a pojmy |
| 610 | 2 | 0 | |a integrácia ekonomická medzinárodná |
| 610 | 2 | 0 | |a globalizácia |
| 610 | 2 | 0 | |a teórie právne |
| 610 | 2 | 0 | |a teórie ekonomické |
| 100 | 1 | |a Bortel, Lukáš | |